000
00288nam a22001337a 4500
008
171201b xxu||||| |||| 00| 0 eng d
020
_a
9780134352930
041
_a
eng
080
_a
82 JAC
100
_a
21
101
_a
GJL
245
_a
LITERATURE
_c
JACOBS,H,H
942
_2
udc
_c
BK
999
_c
38672
_d
38672